| 000 | 00684nam a2200193Ia 4500 | ||
|---|---|---|---|
| 003 | GCL | ||
| 008 | 140319s9999 xx 000 0 ara d | ||
| 040 |
_aGCL / _cGCL |
||
| 082 | 0 | 4 |
_a961.105 _bع و |
| 100 | 1 | _aعلى الشنوفى (جمع وتقديم) | |
| 245 | 1 | 0 |
_aالوزير خير الدين ومعاصروه / _cعلى الشنوفى (جمع وتقديم) |
| 260 |
_a[S.N] : _bالمؤسسة الوطنية للترجمة والتحقيق ، _c1990 |
||
| 490 |
_aتحقيق النصوص - تاريخ حديث _v0 |
||
| 650 | 0 | 4 | _aالعصر الحديث |
| 650 | 0 | 4 | _aتاريخ |
| 650 | 0 | 4 | _aتونس |
| 650 | 0 | 4 | _aالاستعمار الفرنسى |
| 942 |
_2ddc _cBK |
||
| 999 |
_c35195 _d35195 |
||